000 00760nam a2200217Ia 4500
001 7445
003 GE_BSU
008 181216s||||||||xx |||||||||||||| ||und||
040 _cGE_BSU
080 _a821.353.1-4
100 _aდევდარიანი, კლავდია
245 _aყმაწვილკაცობა მემატიანისა
245 _bდოკ. მოთხრობა ვ. ბაგრატიონზე
245 _cრედ: ლ. სანიკიძე; მხატვ.: ო. ჩხარტიშვილი
260 _aთბილისი
260 _bნაკადული
260 _c1981
300 _a149 გვ; 20 სმ
653 _aმოთხრობა.
942 _cBK
999 _c40805
_d40805